| 000 | 00760nam a2200229Ia 4500 | ||
|---|---|---|---|
| 003 | OSt | ||
| 005 | 20240923150511.0 | ||
| 008 | 220927b |||||||| |||| 00| 0 eng d | ||
| 020 |
_c2058.9261000000001 _a9780415260435 |
||
| 037 |
_b183, 06/01/2012, Classic Book Service _cTextual |
||
| 040 |
_aSDCL _cSDCL _beng |
||
| 041 |
_2eng _aeng |
||
| 082 | _aY:1.1'P Q2 | ||
| 100 |
_aMurphy, Michael _9402039 |
||
| 245 | 0 |
_aMulticulturalism : _bA critical introduction / |
|
| 260 |
_aLondon : _bRoutledge, _c2012. |
||
| 300 | _a196p | ||
| 490 | _aRoutledge contemporary political philosophy. | ||
| 650 | _aPolitical Science | ||
| 942 |
_hY:1.1'P Q2 _cTEXL _2CC |
||
| 999 |
_c717878 _d717878 |
||